Hry

Bibliographic Details
Main Authors: Gorkij, Maksim, 1868-1936 (Author), Ferenčík, Ján, 1923-1989 (Author, Translator)
Format: Book
Language:Slovak
Russian
PhysicalDescription:623 strán 21 cm
Published: Bratislava Slovenské vydavateľstvo krásnej literatúry 1955
Edition:1. vydanie
Series:Gorkij, Maksim, 1868-1936 Spisy
Subjects:

MARC

LEADER 00000cam a2200000 a 4500
001 vtls008372067
003 SK-MaSNL
005 20260302074617.0
008 230403s1955 xo gr 000 d slo
015 |a SNBA19451955-003157 
020 |q (viazané) 
035 |a SK01SNKBKSFS20010064284 
035 |a urn:nbn:sk:snk-am3i73u 
035 |a AA2689B9-7CA4-4B24-BBA7-2086D44E4624 
035 |a urn:nbn:sk:snk-am00dqpu 
035 |a SKM000066747 
040 |a SNK  |b slo  |c SNK  |e AACR2 
041 1 |a slo  |h rus 
044 |a xo  |c SK 
072 7 |a 821.161.1  |x Ruská literatúra  |2 konspekt 
080 |a 821.161.1-2  |2 2001 
080 |a (0:82-2)  |2 2011 
100 1 |a Gorkij, Maksim,  |d 1868-1936  |4 aut  |9 102443 
240 1 0 |a Sobranije sočinenij v 30 tomach  |l Slovensky 
245 1 0 |a Hry  |c Maksim Gorkij ; z ruského originálu Sobranije sočinenij v 30 tomach ... preložil a štúdiu napísal Ján Ferenčík 
250 |a 1. vydanie 
260 |a Bratislava  |b Slovenské vydavateľstvo krásnej literatúry  |c 1955  |e Martin  |f Severoslovenské tlačiarne 
300 |a 623 strán  |c 21 cm 
366 |e 4400 kusov 
490 1 |a Spisy Maxima Gorkého  |v Sväzok 7 
500 |a Dokument obsahuje 6 diel 
504 |a Obsahuje poznámky 
655 7 |a ruské drámy  |2 SNKPH  |9 81966 
655 7 |a divadelné hry  |2 SNKPH  |9 70577 
655 7 |a Russian drama  |2 SNKPHeng  |9 278707 
655 7 |a Theatre plays  |2 SNKPHeng  |9 278336 
700 1 2 |a Ferenčík, Ján,  |d 1923-1989  |t Dramatická tvorba Maxima Gorkého z rokov 1901-1905  |4 aut  |4 trl  |9 740469 
740 0 2 |a Meštiaci 
740 0 2 |a Na dne 
740 0 2 |a Letní hostia. Scény 
740 0 2 |a Deti slnka. Scény 
740 0 2 |a Barbari. Scény z okresného mesta 
740 0 2 |a Nepriatelia. Scény 
800 1 |a Gorkij, Maksim,  |d 1868-1936  |t Spisy  |9 362624 
852 |a Slovenská národná knižnica 
954 |a beletria cudzojazyčná (svetová)  |2 lita 
958 |a EUIPO 
958 |a OND 
958 |a RK 
958 |a TL 
958 |a LX 
958 |a UP 
968 |b RUS 
999 |c 1165739  |d 1167669 
952 |a SNK  |b SNK  |y PREZ  |7 0  |p 17A0781720  |o snkSC 5626/7  |i snk917/55  |0 0  |1 0  |4 0  |d 2011-12-09  |f 1  |l 0  |r 2025-07-04 00:00:00  |w 2026-02-24 
952 |t P60, <04>, [BOOK], {604}  |a SNK  |b SNK  |y VYP  |7 0  |p 17A0115718  |o snkSC 5626/7 D1  |0 0  |1 0  |4 0  |d 1997-12-18  |l 0  |r 2005-01-02 00:00:00  |w 2026-02-24